Isolated and proximate illiteracy: and why these concepts matter in measuring literacy and designing education programmes (Record no. 43644)

000 -LEADER
fixed length control field 01218pab a2200181 454500
008 - FIXED-LENGTH DATA ELEMENTS--GENERAL INFORMATION
fixed length control field 180718b2000 xxu||||| |||| 00| 0 eng d
100 ## - MAIN ENTRY--PERSONAL NAME
Personal name Basu, Kaushik
245 ## - TITLE STATEMENT
Title Isolated and proximate illiteracy: and why these concepts matter in measuring literacy and designing education programmes
260 ## - PUBLICATION, DISTRIBUTION, ETC.
Date of publication, distribution, etc. 2000
300 ## - PHYSICAL DESCRIPTION
Extent p.35-39
362 ## - DATES OF PUBLICATION AND/OR SEQUENTIAL DESIGNATION
Dates of publication and/or sequential designation 8 Jan
520 ## - SUMMARY, ETC.
Summary, etc. Traditionally, a society's literacy has been measured by the `literacy rate' or the per cent of the adult population that is literate. The present paper maintains that the distribution of literates across households also matters, due to the external effects of literacy - the benefits that illiterate members of a household derive from having a literate person in the family. The authors review this argument, draw out its policy implications, and present some suggestive data from Bangladesh to lend substance to the hypothesis that an illiterate belonging to a household with no literates is more deprived than an illiterate belonging to a household with at least one literate member. - Reproduced
650 ## - SUBJECT ADDED ENTRY--TOPICAL TERM
Topical term or geographic name entry element Illiteracy
700 ## - ADDED ENTRY--PERSONAL NAME
Personal name Subramanian, S.
700 ## - ADDED ENTRY--PERSONAL NAME
Personal name Foster, James E.
773 ## - HOST ITEM ENTRY
Main entry heading Economic and Political Weekly
909 ## -
-- 43644
Holdings
Withdrawn status Lost status Damaged status Not for loan Permanent Location Current Location Date acquired Serial Enumeration / chronology Barcode Date last seen Price effective from Koha item type
        Indian Institute of Public Administration Indian Institute of Public Administration 2018-07-19 Volume no: 35, Issue no: 1-2 AR44041 2018-07-19 2018-07-19 Articles

Powered by Koha